|
|
|
|
| LEADER |
00867nam a2200169Ia 4500 |
| 001 |
UIH_02247 |
| 008 |
230809s9999 xx 000 0 und d |
| 082 |
|
|
|a 658.834
|
| 100 |
|
|
|a Ngô, Hữu Phùng
|
| 245 |
|
0 |
|a Các yếu tố chất lượng dịch vụ ảnh hưởng đến sự hài lòng của khách hàng công ty cổ phần kỹ thuật Toàn Thắng : Luận văn thạc sĩ - Chuyên ngành: Quản trị kinh doanh
|
| 245 |
|
0 |
|c Ngô, Hữu Phùng
|
| 260 |
|
|
|b Trường Đại học Công nghiệp Tp. Hồ Chí Minh
|
| 260 |
|
|
|c 2021
|
| 650 |
|
|
|a Quản trị kinh doanh;Dịch vụ khách hàng;
|
| 856 |
|
|
|u https://opac.iuh.edu.vn/TraCuuTaiLieuSo2XemChiTiet.aspx?Id=112604
|
| 927 |
|
|
|a Luận văn
|
| 980 |
|
|
|a Trung tâm Thư viện - Trường Đại học Công nghiệp TP. Hồ Chí Minh
|